000
00223nam a2200109Ia 4500
100
_a
#N/A
942
_c
BK
245
_a
App Building ; Omega ; Developer Video Tutorials
260
_b
#N/A
546
_a
ENGLISH
999
_c
18653
_d
18653